000 00571cam a2200145 4500500
005 20251012032626.0
041 _afre
042 _adc
100 1 0 _aBaladier, Charles
_eauthor
245 0 0 _aHélène Puiseux, Des Secrets mal gardés. Portraits sur le thème du secret dans la littérature, la musique et le cinéma, Paris, éditions du Félin, 2007, 254 pages.
260 _c2008.
500 _a66
786 0 _nSigila | 22 | 2 | 2008-12-20 | p. 239-240 | 1286-1715
856 4 1 _uhttps://shs.cairn.info/revue-sigila-2008-2-page-239?lang=fr&redirect-ssocas=7080
999 _c1547885
_d1547885